000 00613nam a2200205Ii 4500
003 JO-AjNU
008 230606s9999||||xx |||||||||||||| ||und||
020 _a 978-81-203-3200-3
040 _aJO-AjNU
_beng
_erda
_cJO-AjNU
041 _aeng
050 1 4 _aQA76.9.2007
100 3 _aRAJARAMAN,V/RADHARISHNAN,T,
_eauthor
_91105
245 0 0 _aCOMPUTER ORGANIZATION AND ARCHITECTURE
264 3 1 _aPHILEARNING PRIVATE LIMITED:NEWDELHI,2008
300 _a493p
336 _atext
_btxt
_2rdacontent
337 _aunmediated
_bn
_2rdamedia
338 _avolume
_bnc
_2rdacarrier
650 4 _aCOMPUTER ORGANIZATION
_91106
999 _aE579
_c579
_d579